Nauru Constituencies on a Map - Statistics

General Stats
  • This quiz has been taken 139 times
  • The average score is 3 of 8
Answers on the Map
Answers color-coded by a green-red scale on the quiz's map according to % correct below.
 
Answer Stats
# Constituencies % Correct
2 Yaren
98%
2 Boe
47%
2 Buada
45%
2 Aiwo
37%
2 Anabar
37%
3 Meneng
37%
2 Anetan
27%
4 Ubenide
16%
No matching quizzes found
Score Distribution
Percent of People with Each Score
Percentile by Number Answered
Your Score History
You have not taken this quiz